Informe final del IV seminario del programa centroamericano de ciencias de la salud: "consideraciones histórico-sociales sobre crecimiento y desarrollo del niño en Centroamérica"
Gorde:
| Formatua: | Texto |
|---|---|
| Gaiak: | |
| Etiketak: |
Etiketa erantsi
Etiketarik gabe, Izan zaitez lehena erregistro honi etiketa jartzen!
|
MARC
| LEADER | 00000 a a2200000 04500 | ||
|---|---|---|---|
| 001 | 47634 | ||
| 003 | |||
| 040 | |||
| 090 | |a REV0857 3 (7) 1977 | ||
| 245 | |a Informe final del IV seminario del programa centroamericano de ciencias de la salud: |b "consideraciones histórico-sociales sobre crecimiento y desarrollo del niño en Centroamérica" | ||
| 650 | |a NIÑO | ||
| 650 | |a DESARROLLO DE LA PERSONALIDAD | ||
| 650 | |a INVESTIGACION | ||
| 650 | |a CENTROAMERICA | ||
| 773 | |g volumen3, número7, mayo-agosto (1977) | ||
| 999 | |c 21200 |d 21200 | ||
